Central Library OPAC University of Rajshahi

কালোত্তরের প্রতিশ্রুতি : (Record no. 63618)

MARC details
000 -LEADER
fixed length control field 00834nam a2200229 a 4500
001 - CONTROL NUMBER
control field 63618
003 - CONTROL NUMBER IDENTIFIER
rucl marc code BD-RjUL
005 - DATE AND TIME OF LATEST TRANSACTION
control field 20211209081221.0
008 - FIXED-LENGTH DATA ELEMENTS--GENERAL INFORMATION
fixed length control field 170131s2009 bg ||||| |||| 00| e ben d
020 ## - INTERNATIONAL STANDARD BOOK NUMBER
International Standard Book Number 9843231449
Terms of availability : Tk. 200.00
035 ## - SYSTEM CONTROL NUMBER
System control number (BD-RjUL)63747
040 ## - CATALOGING SOURCE
Original cataloging agency BD-RjUL
Language of cataloging ben
Transcribing agency BD-RjUL
041 ## - LANGUAGE CODE
Language code of text/sound track or separate title ben
082 ## - DEWEY DECIMAL CLASSIFICATION NUMBER
Edition number 23
Classification number 891.444
Author mark and year PRK 2009
100 ## - MAIN ENTRY--PERSONAL NAME
Personal name প্রিন্স, মাওলা
9 (RLIN) 189025
245 10 - TITLE STATEMENT
Title কালোত্তরের প্রতিশ্রুতি :
Remainder of title প্রসঙ্গ সাহিত্য /
Statement of responsibility, etc. মাওলা প্রিন্স
260 ## - PUBLICATION, DISTRIBUTION, ETC. (IMPRINT)
Place of publication, distribution, etc. রাজশাহী :
Name of publisher, distributor, etc. চিহ্ন,
Date of publication, distribution, etc. ২০০৯
300 ## - PHYSICAL DESCRIPTION
Pagination ১৫৯ পৃ. ;
Size ২৩ সেমি.
650 ## - SUBJECT ADDED ENTRY--TOPICAL TERM
Topical term or geographic name as entry element বাংলা প্রবন্ধ
9 (RLIN) 170454
Topical term or geographic name as entry element Bengali Essays
9 (RLIN) 170481
942 ## - ADDED ENTRY ELEMENTS (KOHA)
Source of classification or shelving scheme Dewey Decimal Classification
Koha item type Books
Holdings
Lost status Source of classification or shelving scheme Damaged status Not for loan Collection code Permanent Location Current Location Shelving location Date acquired Source of acquisition Cost, normal purchase price Total Checkouts Full call number Date last seen Copy number Koha item type
  Dewey Decimal Classification   Not For Loan Non-fiction Central Library, University of Rajshahi Central Library, University of Rajshahi Reading Room 15/06/2011 Chinha 200.00   B 891.444 PRK 2009 31/01/2017 C-1 Books